000 00739nam a2200229 a 4500
999 _c11173
_d11173
001 11173
003 BD-JhCC
005 20190806141049.0
008 190606b 2012bg |||| ||a| 000 0 ben d
020 _a9789844950115
035 _a(BD-JhCC)11173
040 _aBD-JhCC
_dBD-JhCC
041 _aben
082 _bMAU 2012
_a894.9209
100 _aমওদুদ, বেবী
245 _aনির্বাচিত কলাম অন্তরে বাহিরে /
_cবেবী মওদুদ ।
260 _aঢাকা:
_bপার্ল পাবলিকেশন্স;
_c২০১২.
300 _a৩১৭ পৃ. :
_c২২ সেমি.
650 _aBengali Literature
942 _2ddc
_cBK